Nelineární diferenciální rovnice

Salvato in:
Dettagli Bibliografici
Autori principali: Kufner, Alois (Autore), Fučík, Svatopluk (Autore)
Natura: Libro
Lingua:ceco
Pubblicazione: Praha : SNTL, 1978
Edizione:1. vyd.
Soggetti:
Tags: Aggiungi Tag
Nessun Tag, puoi essere il primo ad aggiungerne!!

MARC

LEADER 00000nam a22000003a 4500
001 stu25551
005 20150617225743.3
008 980513s1978------------------------cze-d
040 |a STU  |b slo 
041 0 |a cze 
080 |a 517.962.24 
100 1 |a Kufner, Alois  |4 aut 
245 1 |a Nelineární diferenciální rovnice 
250 |a 1. vyd. 
260 |a Praha :  |b SNTL,  |c 1978 
300 |a 344 s 
650 7 |a diferenciálne rovnice  |2 stusub 
700 1 |a Fučík, Svatopluk  |4 aut 
996 |b 284EK06822  |c E*81934  |l EE01  |s A  |a 24  |w stu25551_0002 
996 |b E42058  |c E*42058  |l EE03  |s P  |a 0  |w stu25551_0004 
996 |c V*28716/O-11284  |l VV3  |s P  |a 0  |w stu25551_0007